Traduction vocabulaire en Portugais (aléatoire) - Statistiques

Statistiques générales
  • Ce quiz a été pris 3 502 fois
  • Le résultat moyen est 15 sur 30
Statistiques - réponses
Mot en français Traduction en portugais (BR) % Correct
Boire (v.) B{eber}
91%
Chanter (v.) C{antar}
91%
Parler (v.) F{alar}
91%
Aller (v.) I{r}
91%
Pain (n.) P{ão}
91%
Eau (n.) Á{gua}
90%
Chat (n.) G{ato}
90%
Vert (adj.) V{erde}
90%
Banane (n.) B{anana}
89%
Être (v.) S{er}
88%
Sel (n.) S{al}
87%
Manger (v.) C{omer}
86%
Être (v.) E{star}
86%
Savoir (v.) S{aber}
86%
Bleu (adj.) A{zul}
84%
Dur (adj.) D{uro}
84%
Lait L{eite}
84%
Thé (n.) C{há}
83%
Coco (n.) C{oco}
83%
Fort (adj.) F{orte}
83%
Œuf (n.) O{vo}
83%
Noir (adj.) P{reto}
83%
Vivre (v.) V{iver}
83%
Chien (n.) C{achorro}
82%
Grand (adj.) G{rande}
82%
Jouer (v.) J{ogar}
82%
Riz (n.) A{rroz}
81%
Nourriture (n.) C{omida}
81%
Rose (adj./n.) R{osa}
81%
Voiture (n.) C{arro}
80%
Vache (n.) V{aca}
80%
Rouge (adj.) V{ermelho}
80%
Animal (n.) A{nimal}
79%
Heureux (adj.) F{eliz}
79%
Orange (adj./n.) L{aranja}
79%
Petit (adj.) P{equeno}
79%
Triste (adj.) T{riste}
79%
Gâteau (n.) B{olo}
77%
Chemise (n.) C{amisa}
76%
Poulet (n.) F{rango}
76%
Citron (n.) L{imão}
76%
Miel (n.) M{el}
76%
Apprendre (v.) A{prender}
75%
Avoir (v.) T{er}
75%
Verbe (n.) V{erbo}
75%
Riche (adj.) R{ico}
74%
Blanc (adj.) B{ranco}
73%
Danser (v.) D{ançar}
73%
Éléphant (n.) E{lefante}
73%
Intelligent (adj.) I{nteligente}
73%
Répondre (v.) R{esponder}
73%
Beau (adj.) B{onito}
72%
Raconter (v.) C{ontar}
72%
Nager (v.) N{adar}
72%
Frites (n.) B{atatas} F{ritas}
71%
Perdre (v.) P{erder}
71%
Pauvre (adj.) P{obre}
71%
Cochon (n.) P{orco}
71%
Robe (n.) V{estido}
71%
Rire (v.) R{ir}
70%
Sortir (v.) S{air}
70%
Raisin (n.) U{va}
70%
Jaune (adj.) A{marelo}
69%
Cheval (n.) C{avalo}
69%
Appeler (v.) C{hamar}
69%
Couper (v.) C{ortar}
68%
Gros (adj.) G{ordo}
67%
Crier (v.) G{ritar}
67%
Singe (n.) M{acaco}
67%
Pleurer (v.) C{horar}
66%
Nettoyer (v.) L{impar}
66%
Canard (n.) P{ato}
66%
Plante (n.) P{lanta}
66%
Vélo (n.) B{icicleta}
65%
Dire (v.) D{izer}
65%
Girafe (n.) G{irafa}
65%
Fraise (n.) M{orango}
65%
Rêver (v.) S{onhar}
65%
Fruits (n.) F{rutas}
64%
Mangue (n.) M{anga}
64%
Maracudja (fruit de la passion) (n.) M{aracujá}
63%
Stupide (adj.) E{stúpido}
62%
Coq (n.) G{alo}
62%
Lion (n.) L{eão}
62%
Peindre (v.) P{intar}
62%
Ours (n.) U{rso}
62%
Jus (n.) S{uco}
61%
Tigre (n.) T{igre}
61%
Sucre (n.) A{çúcar}
60%
Oignon (n.) C{ebola}
60%
Long (adj.) L{ongo}
60%
Méduse (n.) M{edusa}
60%
Avion (n.) A{vião}
59%
Écrire (v.) E{escrever}
59%
Prendre (v.) T{omar}
58%
Fenêtre (n.) J{anela}
57%
Améliorer (v.) M{elhorar}
57%
Entendre (v.) O{uvir}
57%
Requin (n.) T{ubarão}
57%
Ananas (n.) A{bacaxi}
56%
Huile (n.) A{zeite}
56%
Écouter (v.) E{scutar}
56%
Gauche (n.) E{squerda}
56%
Laid (adj.) F{eio}
56%
Gentil (adj.) G{entil}
56%
Se lever (v.) L{evantar}
56%
Mourir (v.) M{orrer}
56%
Vêtements (n.) R{oupa}
56%
Bateau (n.) B{arco}
55%
Cuisiner (v.) C{ozinhar}
55%
Emmener (v.) L{evar}
55%
Propre (adj.) L{impo}
55%
Apporter (v.) T{razer}
55%
Canne (à sucre) (n.) C{ana}
54%
Carotte (n.) C{enoura}
54%
Gagner (v.) G{anhar}
54%
Téléphoner (v.) L{igar}
54%
Loin (adv.) L{onge}
54%
Crocodile (n.) C{rocodilo}
53%
Lourd (adj.) P{esado}
53%
Jupe (n.) S{aia}
51%
Pomme de terre (n.) B{atatas}
50%
Couleurs C{ores}
50%
Melon (n.) M{elão}
50%
Object (n.) O{bjeto}
50%
Poire (n.) P{êra}
50%
Choisir (v.) E{scolher}
49%
Poulpe (n.) P{olvo}
49%
Serpent (n.) S{erpente}
49%
Chapeau (n.) C{hapéu}
48%
Poule (n.) G{alinha}
48%
Fou (adj.) L{ouco}
48%
Blouse (n.) B{lusa}
47%
Âne (n.) B{urro}
47%
Manteau (n.) C{asaco}
47%
Droite (n.) D{ireita}
47%
Popcorn (n.) P{ipoca}
47%
Cerise (n.) C{ereja}
46%
Lapin (n.) C{oelho}
46%
Haricot (n.) F{eijão}
46%
Avoir (v.) H{aver}
46%
Violet (adj.) R{oxo}
46%
Ail (n.) A{lho}
45%
Concombre (n.) P{epino}
45%
Proche (adv.) P{erto}
45%
Boîte (n.) C{aixa}
44%
S'allonger (v.) D{eitar}
44%
Doré (adj.) D{ourado}
44%
Maigre (adj.) M{agro}
44%
Grenade (n.) G{ranada}
43%
Jambon (n.) P{resunto}
43%
Prier (v.) R{ezar}
43%
Antonyme (n.) A{ntônimo}
42%
Marcher (v.) C{aminhar}
42%
Kangourou (n.) C{anguru}
42%
Chaussettes (n.) M{eias}
42%
Maïs (n.) M{ilho}
42%
Poivron (n.) P{imenta}
42%
Hélicoptère (n.) H{elicóptero}
41%
Méchant (adj.) M{au}
41%
Pastèque (n.) M{elancia}
41%
Bus (n.) Ô{nibus}
41%
Trouver (v.) A{char}
40%
Arbre (n.) Á{rvore}
40%
Tapis (n.) C{arpete}
39%
Hippopotame (n.) H{ipopótamo}
39%
Train (n.) T{rem}
39%
Ranger (v.) A{rrumar}
38%
Court (adj.) C{urto}
38%
Conduire (v.) D{irigir}
38%
Frambroise (n.) F{ramboesa}
38%
Pêche (fruit) (n.) P{êssego}
38%
Marron (adj.) M{arrom}
37%
Glace (nourriture) (n.) S{orvete}
37%
Laitue (n.) A{lface}
36%
Baleine (n.) B{aleia}
36%
Gris (adj.) C{inza}
36%
Déguisement (n.) F{antasia}
36%
Dauphin (n.) G{olfinho}
36%
Sous-marin (n.) S{ubmarino}
36%
Céréales (n.) C{ereais}
35%
Champignon (n.) C{ogumelo}
35%
Groseille (n.) G{roselha}
35%
Moyen de transport (n.) M{eio} {de} {transporte}
35%
Mouton/Brebis (n.) O{velha}
35%
Grenouille (n.) S{apo}
35%
Tasse (n.) X{ícara}
35%
Fromage (n.) Q{ueijo}
34%
Sandwich (n.) S{anduíche}
33%
Sale (adj.) S{ujo}
33%
Mandarine (n.) T{angerina}
33%
Pinguin (n.) P{inguim}
32%
Pieuvre/Calamar L{ula}
31%
Avocat (n.) A{bacate}
30%
Se disputer (v.) D{iscutir}
30%
Se tromper (v.) E{rrar}
30%
Faible (adj.) F{raco}
30%
Réfrigirateur (n.) G{eladeira}
30%
Argenté (adj.) P{rateado}
30%
Taureau (n.) T{ouro}
29%
Écharpe (n.) C{achecol}
28%
Phoque (n.) F{oca}
28%
Léger (adj.) L{eve}
28%
Petits pois (n.) E{rvilhas}
27%
Mélanger (v.) M{exer}
27%
Papaye (n.) P{apaia}
27%
Beige (adj.) B{ege}
26%
Crabe (n.) C{aranguejo}
26%
Trottinette (n.) P{atinete}
26%
Autruche (n.) A{vestruz}
25%
Goyave (n.) G{oiaba}
25%
Sauter (v.) P{ular}
25%
Céleri (n.) A{ipo}
24%
Piment (n.) P{imentão}
24%
Renard (n.) R{aposa}
24%
Refuser (v.) R{ecusar}
24%
Myrtille (n.) M{irtilo}
23%
Dindon (n.) P{eru}
23%
Légumes (n.) V{egetais}
23%
Prune (n.) A{meixa}
22%
Asperge (n.) A{spargos}
22%
Betterave (n.) B{etteraba}
22%
Abricot (n.) D{amasco}
22%
Tromper (v.) E{nganar}
22%
Mûre (fruit) (n.) A{mora}
21%
Camion (n.) C{aminhão}
21%
Chou (n.) R{epolho}
21%
Hippocampe (n.) C{avalo} {marinho}
20%
Épinard (n.) E{spinafre}
20%
Rhinocéros (n.) R{inoceronte}
20%
Sensé (adj.) S{ensato}
20%
Murmurer (v.) S{ussurrar}
20%
Costume (n.) T{erno}
20%
Maillot de bain (n.) T{raje} {de} {banho}
20%
Milkshake (n.) B{atida}
19%
Sauterelle (n.) G{afanhoto}
19%
Courgette (n.) A{bobrinha}
18%
Poubelle (n.) L{ixeira}
18%
Mou (adj.) M{acio}
18%
Citrouille (n.) A{bóbora}
17%
Mongolfière (n.) B{alão} de {ar} {quente}
17%
Aubergine (n.) B{erinjela}
15%
Chauve-souris (n.) M{orcego}
15%
Poussin (n.) P{intinho}
15%
Radis (n.) R{abanete}
15%
Pamplemousse (n.) T{oranja}
7%
Pull (n.) A{gasalho}
5%
Aucun quiz correspondant
Distribution des résultats
% des personnes avec chaque résultat
Percentile par nombre de réponses
Votre historique - résultats
Vous n’avez pas pris ce quiz